000 00813 a2200253 4500
003 CBULib
005 20250916091554.0
008 250723b |||||||| |||| 00| 0 eng d
020 _a9781316514221
040 _bEnglish
_cCBULib
_erda
041 _aeng
050 _aLC 118 Dil
100 _aHansjorg, Dilger
_94865
245 _aLearning morality, inequalities, and faith: christian and muslim schools in Tazania
_c/ by Hansjorg Dilger
260 _bCambridge University Press,
_c2022
_aNew York :
300 _axii, 266 pages : illustrations
336 _2rdacontent
_aText |
_btxt
337 _2rdamedia
_aUnmediated |
_bn
338 _2rdacarrier
_aVolume
_bnc
650 0 _94708
_aRELIGIOUS EDUCATION
650 0 _94709
_aMORAL EDUCATION
650 0 _94710
_aCHRISTIAN EDUCATION
942 _2lcc
_c002
999 _c86169
_d86169